000 00204nam a2200097Ia 4500
008 240331s9999 xx 000 0 und d
082 _bWOM
100 _aLydia . ed
245 0 _aWomen of courage
942 _cL
999 _c1867
_d1867